<?xml version="1.0" encoding="UTF-8"?>
<collection xmlns:xsi="http://www.w3.org/2001/XMLSchema-instance" xsi:schemaLocation="http://www.loc.gov/MARC21/slim http://www.loc.gov/standards/marcxml/schema/MARC21slim.xsd" xmlns="http://www.loc.gov/MARC21/slim">
 <record>
  <leader>00000cmm a22000004a 4500</leader>
  <controlfield tag="001">UP-99796217611058047</controlfield>
  <controlfield tag="003">Buklod</controlfield>
  <controlfield tag="005">20240925105346.0</controlfield>
  <controlfield tag="006">m    go  j        </controlfield>
  <controlfield tag="007">cr |n |||auu|a</controlfield>
  <controlfield tag="008">240925s2011    nyu    go  j        eng  </controlfield>
  <datafield tag="020" ind1=" " ind2=" ">
   <subfield code="a">9781441996824 (eBook)</subfield>
  </datafield>
  <datafield tag="020" ind1=" " ind2=" ">
   <subfield code="a">1441996826 (eBook)</subfield>
  </datafield>
  <datafield tag="035" ind1=" " ind2=" ">
   <subfield code="a">(iLib)UPD-00210204827</subfield>
  </datafield>
  <datafield tag="040" ind1=" " ind2=" ">
   <subfield code="a">DMLR</subfield>
   <subfield code="e">rda</subfield>
  </datafield>
  <datafield tag="041" ind1="0" ind2=" ">
   <subfield code="a">eng</subfield>
  </datafield>
  <datafield tag="042" ind1=" " ind2=" ">
   <subfield code="a">DMLUC</subfield>
  </datafield>
  <datafield tag="084" ind1=" " ind2=" ">
   <subfield code="a">HD 38.5</subfield>
   <subfield code="b">S36 2011eb</subfield>
  </datafield>
  <datafield tag="100" ind1="1" ind2=" ">
   <subfield code="a">Schönberger, Jörn</subfield>
   <subfield code="e">author.</subfield>
  </datafield>
  <datafield tag="245" ind1="0" ind2="0">
   <subfield code="a">Model-based control of logistics processes in volatile environments</subfield>
   <subfield code="b">decision support for operations planning in supply consortia</subfield>
   <subfield code="h">[electronic resource]</subfield>
   <subfield code="c">Jörn Schönberg.</subfield>
  </datafield>
  <datafield tag="264" ind1=" " ind2="1">
   <subfield code="a">New York</subfield>
   <subfield code="b">Springer</subfield>
   <subfield code="c">[©2011]</subfield>
  </datafield>
  <datafield tag="300" ind1=" " ind2=" ">
   <subfield code="a">1 online resource (xii, 181 pages)</subfield>
  </datafield>
  <datafield tag="336" ind1=" " ind2=" ">
   <subfield code="a">text</subfield>
   <subfield code="2">rdacontent</subfield>
  </datafield>
  <datafield tag="337" ind1=" " ind2=" ">
   <subfield code="a">computer</subfield>
   <subfield code="2">rdamedia</subfield>
  </datafield>
  <datafield tag="338" ind1=" " ind2=" ">
   <subfield code="a">online resource</subfield>
   <subfield code="b">cr</subfield>
   <subfield code="2">rdacarrier</subfield>
  </datafield>
  <datafield tag="490" ind1="0" ind2=" ">
   <subfield code="a">Operations research/computer science interfaces series</subfield>
   <subfield code="v">v.</subfield>
  </datafield>
  <datafield tag="505" ind1="0" ind2="0">
   <subfield code="a">Process Planning in Supply Consortia -- Transport Processes and Uncertainty -- Decision Support: Applying the State-of-the-Art -- Decision Support in Principal-Agent-Relationships -- Adaptive Controllers for Mathematical Optimization Models -- Responsiveness Improvement -- Nervousness Reduction in Re-Scheduling -- Impacts on Robustness -- Summary and Conclusio</subfield>
  </datafield>
  <datafield tag="506" ind1=" " ind2=" ">
   <subfield code="a">IP-based subscription, access limited to within on-campus computer network. Access via Electronic Resources of the UPD University Library Websi</subfield>
  </datafield>
  <datafield tag="520" ind1=" " ind2=" ">
   <subfield code="a">This monograph presents results originating from a research project investigating autonomous adaptation of vehicle schedules and systematically develops and evaluates innovative ideas for the management of transportation processes in volatile scenarios. Showing the progress made in the development of the methodological toolbox for decision support in dynamic process management is the major motivation behind this book.  The result is a new integrated approach to dynamic decision making. Existing process planning approaches for volatile environments and their application boundaries are investigated in Part I. Part II introduces the concept of feedback-controlled adaptive decision models and proposes the required extensions of the online decision making framework and of multi-agent systems. A comprehensive evaluation of the proposed decision model adaptation framework based on computational simulation experiments is reported in Part III and demonstrates the predominance of the new approach. Distinguishing features of this book are: -It provides the first contribution to the operational management of processes in supply networks that explicitly addresses the two challenges of dynamics and distributed decision making simultaneously. -It systematically approaches the limits of model-based process planning but also proposes methods to extend the application boundaries. -Software prototypes are developed and a comprehensive evaluation within numerical simulation experiments is executed. -The observed results are discussed with an explicit focus on specific performance indicators (flexibility, stability and robustness). -The strict interdisciplinary approach merging the requirements and needs of management sciences, operations research and computer sciences is pursued throughout the bo</subfield>
  </datafield>
  <datafield tag="533" ind1=" " ind2=" ">
   <subfield code="a">Electronic reproduction.</subfield>
   <subfield code="b">New York</subfield>
   <subfield code="c">SpringerLink</subfield>
   <subfield code="d">c2011.</subfield>
   <subfield code="n">Available via World Wide Web through SpringerLink</subfield>
  </datafield>
  <datafield tag="650" ind1=" " ind2="0">
   <subfield code="a">Business logistics</subfield>
   <subfield code="x">Decision making</subfield>
   <subfield code="x">Mathematical mode.</subfield>
  </datafield>
  <datafield tag="650" ind1=" " ind2="0">
   <subfield code="a">Freight and freightage</subfield>
   <subfield code="x">Decision making</subfield>
   <subfield code="x">Mathematical mode.</subfield>
  </datafield>
  <datafield tag="650" ind1=" " ind2="0">
   <subfield code="a">Electronic books.</subfield>
  </datafield>
  <datafield tag="710" ind1="2" ind2=" ">
   <subfield code="a">SpringerLink (Online services).</subfield>
  </datafield>
  <datafield tag="842" ind1=" " ind2=" ">
   <subfield code="a">Electronic Resource</subfield>
  </datafield>
  <datafield tag="856" ind1="4" ind2="0">
   <subfield code="u">https://link.springer.com/book/10.1007/978-1-4419-9682-4</subfield>
   <subfield code="y">Available for University of the Philippines Diliman via SpringerLink. Click here to access</subfield>
  </datafield>
  <datafield tag="905" ind1=" " ind2=" ">
   <subfield code="a">FO</subfield>
  </datafield>
  <datafield tag="950" ind1=" " ind2=" ">
   <subfield code="a">Monograph</subfield>
  </datafield>
  <datafield tag="852" ind1="0" ind2=" ">
   <subfield code="a">UPD</subfield>
   <subfield code="b">DMLR</subfield>
  </datafield>
  <datafield tag="942" ind1=" " ind2=" ">
   <subfield code="a">Electronic Resource</subfield>
  </datafield>
 </record>
</collection>
